|
|
|
|
| LEADER |
00000nam a2200000Ii 4500 |
| 001 |
DIGULZM0009 |
| 003 |
NyNyDIG |
| 006 |
m o d |
| 007 |
cr ||||||||||| |
| 008 |
240108s2015 sp o 000 j spa d |
| 035 |
|
|
|a (OCoLC)1417821503
|
| 040 |
|
|
|a DGITA
|b eng
|e rda
|e pn
|c DGITA
|
| 020 |
|
|
|a 9788416355433
|q eBook
|
| 020 |
|
|
|z 9788416355426
|
| 050 |
1 |
4 |
|a PQ6707.U8822 ebook
|
| 100 |
1 |
|
|a Gutiérrez Martos, Yolanda,
|e author.
|
| 245 |
1 |
3 |
|a La mirada selénica /
|c Yolanda Gutiérrez Martos.
|
| 250 |
|
|
|a Primera edición.
|
| 264 |
|
1 |
|a Tres Cantos, Madrid :
|b Bohodón Ediciones,
|c [2015]
|
| 300 |
|
|
|a 1 online resource.
|
| 336 |
|
|
|a text
|b txt
|2 rdacontent
|
| 337 |
|
|
|a computer
|b c
|2 rdamedia
|
| 338 |
|
|
|a online resource
|b cr
|2 rdacarrier
|
| 347 |
|
|
|a text file
|2 rdaft
|
| 347 |
|
|
|b EPUB
|
| 588 |
0 |
|
|a Online resource; title from ePub title page (Digitalia, viewed January 8, 2024)
|
| 655 |
|
7 |
|a Short stories.
|2 lcgft
|
| 791 |
2 |
|
|a Digitalia (Firm),
|e distributor.
|
| 793 |
0 |
|
|g Digitalia eBook Collection:
|a Ulzama
|
| 776 |
0 |
8 |
|i Print version:
|a Gutiérrez Martos, Yolanda.
|t Mirada selénica.
|b Primera edición.
|d Tres Cantos, Madrid : Bohodón Ediciones, [2015]
|z 9788416355426
|
| 856 |
4 |
0 |
|3 Digitalia Hispánica
|u https://www.digitaliapublishing.com/a/88643/
|
| 910 |
|
|
|a Premium collection: 2024
|